000 00381nam a2200145Ia 4500
008 220204s9999 xx 000 0 und d
082 _a66(058)
_bCHE
245 0 _aChemical weekly Buyer's guide. 4 V. 1994
250 _aEd.4
260 _aBombay
_bSevak Publications
_c1994
650 _aChemical directory
650 _aRubber chemicals
700 _aRavi Raghavan
942 _cBK
999 _c40756
_d40756